Statistics for 500 Most Populous US Cities

Click here to take the quiz!

General Stats

  • This quiz has been taken 64 times
  • The average score is 222 of 500

Answer Stats

RankStateCityPopulation% Correct
3ILChicago2,746,388
100%
2CALos Angeles/LA3,898,747
100%
1NYNew York8,804,190
100%
24MABoston675,647
98%
9TXDallas1,304,379
98%
4TXHouston2,304,580
98%
15INIndianapolis887,642
98%
6PAPhiladelphia1,603,797
98%
5AZPhoenix1,608,139
98%
17CASan Francisco873,965
98%
27MIDetroit639,111
97%
26NVLas Vegas641,903
97%
44FLMiami442,241
97%
22OKOklahoma City681,054
97%
25ORPortland652,503
97%
339UTSandy96,904
97%
11TXAustin961,855
95%
7TXSan Antonio1,434,625
95%
8CASan Diego1,386,932
95%
18WASeattle737,015
95%
170MSJackson153,701
93%
46MNMinneapolis429,954
93%
67FLOrlando307,573
93%
52FLTampa384,959
93%
20DCWashington689,545
93%
30MDBaltimore585,708
91%
19CODenver715,522
91%
21TNNashville689,447
91%
53LANew Orleans383,997
91%
10CASan Jose1,013,240
91%
38GAAtlanta498,715
90%
16NCCharlotte874,579
90%
14OHColumbus905,748
90%
112GAColumbus206,922
90%
13TXFort Worth/Ft. Worth918,915
90%
12FLJacksonville949,611
90%
36MOKansas City508,090
90%
166KSKansas City156,607
90%
54OHCleveland372,624
88%
55HIHonolulu350,964
88%
29KYLouisville633,045
88%
122UTSalt Lake City/SLC199,723
88%
31WIMilwaukee577,222
86%
35CASacramento524,943
86%
168MASpringfield155,929
86%
158MOSpringfield169,716
86%
261ILSpringfield114,394
86%
95IDBoise235,684
84%
23TXEl Paso678,815
84%
28TNMemphis633,104
84%
473CAPittsburg76,416
84%
41NCRaleigh467,665
84%
69MOSaint Louis/St. Louis301,578
84%
72AKAnchorage291,247
83%
82NVReno264,165
83%
32NMAlbuquerque564,559
81%
248CARichmond116,448
81%
100VARichmond226,610
81%
76NYBuffalo278,349
79%
133RIProvidence190,934
79%
63MNSaint Paul/St. Paul311,527
79%
33AZTucson542,629
79%
65OHCincinnati309,317
78%
40COColorado Springs478,961
78%
179SCCharleston150,227
76%
45CAOakland440,646
76%
47OKTulsa413,066
76%
99LABaton Rouge227,470
74%
118ALBirmingham200,733
74%
234CTHartford121,054
74%
37AZMesa504,258
74%
119ALMontgomery200,603
74%
39NEOmaha486,051
74%
232MNRochester121,395
74%
108NYRochester211,328
74%
148ORSalem175,535
74%
394NMSanta Fe87,505
74%
89NCWinston-Salem249,545
74%
328NYAlbany99,224
72%
48CABakersfield403,455
72%
73NELincoln291,082
72%
80WIMadison269,840
72%
127FLTallahassee196,169
72%
43VAVirginia Beach/VA Beach459,570
72%
49KSWichita397,532
72%
312TXWichita Falls102,316
72%
50TXArlington394,266
71%
106IADes Moines214,133
71%
34CAFresno542,107
71%
268MILansing112,644
71%
205SCColumbia136,632
69%
221MOColumbia126,254
69%
141FLFort Lauderdale/Ft. Lauderdale182,760
69%
71NJJersey City292,449
69%
62NJNewark311,549
69%
102CASan Bernardino222,101
69%
56CAAnaheim346,824
67%
116GAAugusta202,081
67%
59TXCorpus Christi317,863
67%
292WIGreen Bay107,395
67%
115ARLittle Rock202,591
67%
219KSTopeka126,587
67%
83INFort Wayne/Ft. Wayne263,886
66%
42CALong Beach466,742
66%
131SDSioux Falls192,517
66%
79OHToledo270,871
66%
121TXAmarillo200,393
64%
202OHDayton137,644
64%
70NCGreensboro299,035
64%
138ALMobile187,041
64%
246MTBillings117,116
62%
288COBoulder108,250
62%
142TNChattanooga181,099
62%
250NHManchester115,644
62%
64CASanta Ana310,227
62%
185GASavannah147,780
62%
97WASpokane228,989
62%
85FLSt. Petersburg/St. Pete258,308
62%
373NJTrenton90,871
62%
75NCDurham283,506
60%
354ARFayetteville93,949
60%
110NCFayetteville208,501
60%
123MIGrand Rapids198,917
60%
60NVHenderson317,610
60%
137LAShreveport187,593
60%
200TXWaco138,486
60%
136OHAkron190,469
59%
144ILAurora180,542
59%
51COAurora386,261
59%
77AZChandler275,987
59%
212CTNew Haven134,023
59%
84NVNorth Las Vegas/N. Las Vegas262,527
59%
61CARiverside314,998
59%
358CASanta Monica93,076
59%
184NYSyracuse148,620
59%
103WATacoma219,346
59%
139TXBrownsville186,738
57%
341CACarson95,558
57%
301NCConcord105,240
57%
226CAConcord125,410
57%
223NDFargo125,990
57%
135TNKnoxville190,740
57%
57KYLexington322,570
57%
86TXLubbock257,141
57%
74TXPlano285,494
57%
255UTProvo115,162
57%
388CASanta Barbara88,665
57%
113MAWorcester206,518
57%
107NYYonkers211,569
57%
230MIAnn Arbor123,851
55%
400MNDuluth86,697
55%
233LALafayette121,374
55%
94VANorfolk238,005
55%
196CAOrange139,911
55%
58CAStockton320,804
55%
304TXAllen104,627
53%
183CTBridgeport148,654
53%
241MACambridge118,403
53%
78CAChula Vista275,487
53%
156COFort Collins/Ft. Collins169,810
53%
172FLHollywood153,067
53%
66CAIrvine307,670
53%
88TXLaredo255,205
53%
199CAPasadena138,699
53%
174TXPasadena151,950
53%
93AZScottsdale241,361
53%
163VAAlexandria159,467
52%
217GAAthens127,315
52%
435MIFlint81,252
52%
91AZGlendale248,325
52%
126CAGlendale196,543
52%
407IASioux City85,797
52%
134WAVancouver190,915
52%
243FLWest Palm Beach/W Palm Beach117,415
52%
496NDBismarck73,622
50%
201IACedar Rapids137,710
50%
146OREugene176,654
50%
470AZFlagstaff76,831
50%
190TXMcAllen142,210
50%
68PAPittsburgh302,971
50%
307INSouth Bend103,453
50%
349PAErie94,831
48%
105ALHuntsville215,006
48%
153CALancaster173,516
48%
275NMLas Cruces111,385
48%
104CAModesto218,464
48%
140VANewport News186,247
48%
395UTOgden87,321
48%
125KSOverland Park197,238
48%
267ILPeoria113,150
48%
132AZPeoria190,985
48%
207CTStamford135,470
48%
252NCWilmington115,451
48%
224PAAllentown125,845
47%
378MNBloomington89,987
47%
453INBloomington79,168
47%
458ILBloomington78,680
47%
90VAChesapeake249,422
47%
244INEvansville117,298
47%
194FLGainesville141,085
47%
101FLHialeah223,109
47%
124CAHuntington Beach198,711
47%
87TXIrving256,684
47%
259TXOdessa114,428
47%
216CASanta Clara127,647
47%
98CASanta Clarita228,673
47%
143AZTempe180,587
47%
327ALTuscaloosa99,600
47%
293CABurbank107,337
45%
197TXDenton139,869
45%
164GAMacon157,346
45%
181ILNaperville149,540
45%
145CASanta Rosa178,127
45%
329ORBend99,178
43%
92TXGarland246,018
43%
81AZGilbert267,918
43%
393NCGreenville87,521
43%
251MALowell115,554
43%
214TXMidland132,524
43%
149CAOntario175,265
43%
488SDRapid City74,703
43%
227TXAbilene125,182
41%
235TXCollege Station120,511
41%
178ILJoliet150,362
41%
497MIKalamazoo73,598
41%
498MTMissoula73,489
41%
215OKNorman128,026
41%
114FLPort St. Lucie204,851
41%
475PAScranton76,328
41%
344UTSt. George95,342
41%
350NCAsheville94,589
40%
313IADavenport101,724
40%
203NJElizabeth137,298
40%
403FLFort Myers/Ft. Myers86,395
40%
323WIKenosha99,986
40%
269FLLakeland112,641
40%
152CAOceanside174,068
40%
117CAOxnard202,063
40%
162NJPaterson159,732
40%
182ILRockford148,655
40%
282CASanta Maria109,707
40%
218CAThousand Oaks126,966
40%
342AZYuma95,548
40%
229CABerkeley124,321
38%
266OKBroken Arrow113,540
38%
150NCCary174,721
38%
96CAFremont230,504
38%
290CAInglewood107,762
38%
206WAKent136,588
38%
425FLMiami Beach82,890
38%
173TNMurfreesboro152,769
38%
272COPueblo111,876
38%
151CARancho Cucamonga174,453
38%
357CARedding93,611
38%
360GARoswell92,833
38%
160CASalinas163,542
38%
276TXSugar Land111,026
38%
297TXTyler105,995
38%
254TXBeaumont115,282
36%
175WABellevue151,854
36%
336FLBoca Raton97,422
36%
130FLCape Coral194,016
36%
159TNClarksville166,722
36%
340CACompton95,740
36%
281MIDearborn109,976
36%
451FLKissimmee79,226
36%
258CACarlsbad114,746
34%
245FLClearwater117,292
34%
385ARFort Smith/Ft. Smith89,142
34%
188CAFullerton143,617
34%
231MOIndependence123,011
34%
486IAIowa City74,828
34%
171TXKilleen153,095
34%
347KSLawrence94,934
34%
384MALawrence89,143
34%
368NHNashua91,322
34%
322VARoanoke100,011
34%
247UTWest Jordan116,961
34%
195UTWest Valley City140,230
34%
147CAElk Grove176,124
33%
462MDFrederick78,171
33%
120TXFrisco200,509
33%
204VAHampton137,148
33%
161CAHayward162,954
33%
412LALake Charles84,872
33%
428CALakewood82,496
33%
167COLakewood155,984
33%
242IDMeridian117,635
33%
450CANapa79,246
33%
370CTNorwalk91,184
33%
309CANorwalk102,773
33%
193KSOlathe141,290
33%
334VAPortsmouth97,915
33%
240TXRound Rock119,468
33%
299CASan Mateo105,661
33%
211MISterling Heights134,346
33%
189AZSurprise143,148
33%
187CATorrance147,067
33%
198MIWarren139,387
33%
398WAAuburn87,256
31%
477ALAuburn76,143
31%
389ILChampaign88,302
31%
165CACorona157,136
31%
257ILElgin114,797
31%
237CAFairfield119,881
31%
285COGreeley108,795
31%
180TXMesquite150,108
31%
408TXMission85,778
31%
318MANew Bedford101,079
31%
411CANewport Beach85,239
31%
256SCNorth Charleston/N Charleston114,852
31%
157CAPalmdale169,450
31%
225TXPearland125,828
31%
438MNPlymouth81,026
31%
176CAPomona151,713
31%
314MAQuincy101,636
31%
346PAReading95,112
31%
186CARoseville147,773
31%
324TXSan Angelo99,893
31%
220CASimi Valley126,356
31%
286NVSparks108,445
31%
397MITroy87,294
31%
366WABellingham91,482
29%
315CAChico101,475
29%
210FLCoral Springs134,394
29%
111CAFontana208,393
29%
406ORMedford85,824
29%
413FLMelbourne84,678
29%
404CAMerced86,333
29%
274FLMiami Gardens111,640
29%
209FLMiramar134,721
29%
109CAMoreno Valley208,634
29%
447NYNew Rochelle79,726
29%
308WASpokane Valley102,976
29%
208CAVictorville134,810
29%
427RIWarwick82,823
29%
260CTWaterbury114,403
29%
249COWestminster116,317
29%
372CAWestminster90,911
29%
253CAAntioch115,291
28%
228COArvada124,402
28%
326INCarmel99,757
28%
177CAEscondido151,038
28%
128TXGrand Prairie196,100
28%
129TXMcKinney195,308
28%
277CAMurrieta110,949
28%
321IDNampa100,200
28%
484RIPawtucket75,604
28%
465WIRacine77,816
28%
169CASunnyvale155,805
28%
280CATemecula110,003
28%
311CAVacaville102,386
28%
278CAVentura110,763
28%
192CAVisalia141,384
28%
338WAYakima96,968
28%
461CAAlameda78,280
26%
483WIAppleton75,644
26%
300MABrockton105,643
26%
213TXCarrollton133,434
26%
410ILCicero85,268
26%
271CACosta Mesa111,918
26%
303CADaly City104,901
26%
263CADowney114,355
26%
296CAEl Cajon106,215
26%
463ILEvanston78,110
26%
279WAEverett110,629
26%
353MAFall River94,000
26%
319WAFederal Way101,030
26%
154CAGarden Grove171,949
26%
264ORGresham114,247
26%
459ARJonesboro78,576
26%
273TXLewisville111,822
26%
316MALynn101,253
26%
374SCMount Pleasant/Mt Pleasant90,801
26%
333UTOrem98,129
26%
238FLPalm Bay119,760
26%
155FLPembroke Pines171,178
26%
270FLPompano Beach112,046
26%
239TXRichardson119,469
26%
348CASan Marcos94,833
26%
416ARSpringdale84,161
26%
352VASuffolk94,324
26%
283CAWest Covina/W Covina109,501
26%
367CAChino91,403
24%
236CAClovis120,124
24%
298FLDavie105,691
24%
320TXEdinburg100,243
24%
423TNFranklin83,454
24%
265NCHigh Point114,059
24%
295ORHillsboro106,447
24%
386CAIndio89,137
24%
317MOLee's Summit101,108
24%
356CAMission Viejo93,653
24%
294WARenton106,785
24%
305NMRio Rancho104,046
24%
191COThornton141,867
24%
359CATracy93,000
24%
222CAVallejo126,090
24%
382ILWaukegan89,321
24%
424RICranston82,934
22%
345AZGoodyear95,294
22%
302CAJurupa Valley105,053
22%
420WAKennewick83,921
22%
405CALake Forest85,858
22%
429FLLargo82,485
22%
262TXLeague City114,392
22%
434TXLongview81,638
22%
455VALynchburg79,009
22%
431CAMountain View82,376
22%
375TXNew Braunfels90,403
22%
387MANewton88,923
22%
306CARialto104,026
22%
289GASandy Springs108,080
22%
337FLSunrise97,335
22%
432TXTemple82,073
22%
332CAVista98,381
22%
381AZAvondale89,334
21%
335ORBeaverton97,494
21%
419TXBryan83,980
21%
287COCentennial108,418
21%
377NJClifton90,296
21%
401CTDanbury86,518
21%
355FLDeltona93,692
21%
396CA
Whittier
87,306
21%
284CAEl Monte109,450
21%
478TXFlower Mound75,956
21%
440CAFolsom80,454
21%
464INHammond77,879
21%
390CAHawthorne88,083
21%
391CALivermore87,955
21%
495NYMount Vernon/Mt. Vernon73,893
21%
364FLPlantation91,750
21%
415CARedwood City84,292
21%
481CAApple Valley75,791
19%
466ILArlington Heights77,676
19%
482PABethlehem75,781
19%
442FLBoynton Beach80,380
19%
351OKEdmond94,428
19%
380CAHemet89,833
19%
325CAHesperia99,818
19%
362ALHoover92,606
19%
430GAJohns Creek82,453
19%
376OKLawton90,381
19%
491TXMissouri City74,259
19%
383FLPalm Coast89,258
19%
414CASan Ramon84,605
19%
456ILSchaumburg78,723
19%
361CASouth Gate92,726
19%
443GAWarner Robins80,308
19%
426CAAlhambra82,868
17%
421TXBaytown83,701
17%
452CABellflower79,190
17%
417CABuena Park84,034
17%
460CAChino Hills78,411
17%
392CACitrus Heights87,583
17%
379TXConroe89,956
17%
330INFishers98,977
17%
439FLHomestead80,737
17%
363WAKirkland92,175
17%
343MILivonia95,535
17%
310CAMenifee102,527
17%
448TXPharr79,715
17%
500CARedlands73,168
17%
499WARedmond73,256
17%
437MASomerville81,045
17%
471MISouthfield76,618
17%
291GASouth Fulton/S Fulton107,436
17%
365AZBuckeye91,502
16%
399FLDeerfield Beach86,859
16%
418MIFarmington Hills83,986
16%
441NCGastonia80,411
16%
474COLoveland76,378
16%
445CAMilpitas80,273
16%
369MOO'Fallon91,316
16%
490SCRock Hill74,372
16%
371CASan Leandro91,008
16%
444CATustin80,276
16%
472MIWyoming76,501
16%
402MNBrooklyn Park86,478
14%
480FLDoral75,874
14%
331COLongmont98,885
14%
422CAManteca83,498
14%
492CTNew Britain74,135
14%
436OHParma81,146
14%
457CAPerris78,700
14%
449CARancho Cordova79,332
14%
454CAUpland79,040
14%
494ILBolingbrook73,922
12%
493COBroomfield74,112
12%
433UTLayton81,773
12%
479UTLehi75,907
12%
446CAPleasanton79,871
12%
476MIRochester Hills76,300
12%
468UTSouth Jordan77,487
12%
409MIWestland85,420
12%
489FLLauderhill74,482
10%
487FLNorth Port74,793
10%
467TXCedar Park77,595
9%
469WAPasco77,108
9%
485MNWoodbury75,102
5%

Score Distribution

Percentile by Number Answered

Percent of People with Each Score

Your Score History

You have not taken this quiz